| 000 | 00622nam a2200193 a 4500 | ||
|---|---|---|---|
| 005 | 20241016063730.0 | ||
| 008 | 010703s1996 ag r 000 0 spa d | ||
| 020 | _a9507013369 | ||
| 035 | _aUPN01000109123 | ||
| 049 | _aCG | ||
| 050 | 4 |
_aP211 _bA5.4 |
|
| 245 | 0 | 0 |
_aAlfabetización por todos y para todos / _ccomp. María Elena Rodríguez. |
| 260 |
_aBuenos Aires : _bAique, _c1996. |
||
| 300 | _a173 p. | ||
| 500 | _a"II Congreso mundial de lectura (15o. : 1994 jul. 19-22 : Buenos Aires)" | ||
| 650 | 4 |
_aAlfabetización (Educación) _vCongresos _91925 |
|
| 700 | 1 |
_aRodríguez, María Elena, _ecomp. |
|
| 905 | _aLibro | ||
| 999 |
_c83034 _d83034 |
||